[Event "only under 2300 points (Version A)"]
[Site "SchemingMind.com"]
[Date "2017.07.14"]
[Round "-"]
[White "fanfan_la_Tulipe"]
[Black "Wojtek26"]
[Result "1-0"]
[WhiteCountry "AUT"]
[BlackCountry "POL"]
[WhiteElo "2056"]
[WhiteRD "90"]
[BlackElo "1596"]
[BlackRD "45"]
[GameID "416150"]

1. Nf3 d5 2. c4 e6 3. g3 Nf6 4. Bg2 Bc5 5. d4 Bb4+ 6. Bd2 Bxd2+ 7. Nbxd2 O-O 8. O-O Nbd7 9. Qc2 b6 10. cxd5 Nxd5
11. Rac1 c5 12. Rfd1 Nb4 13. Qb1 Ba6 14. Bf1 Nd5 15. e4 Nc7 16. dxc5 Nxc5 17. Nc4 Qf6 18. Nce5 Bxf1 19. Kxf1 Ne8 20. b4 Nb7
21. Kg2 Ned6 22. Nd7 Qg6 23. Nxf8 Kxf8 24. Rc7 Ke8 25. e5 Qxb1 26. Rxb1 Rc8 27. exd6 Nxd6 28. Rxc8+ Ke7 29. Rc7+ Kf6 30. Rd1
1-0

[Event "only under 2300 points (Version A)"]
[Site "SchemingMind.com"]
[Date "2017.07.14"]
[Round "-"]
[White "Wojtek26"]
[Black "fanfan_la_Tulipe"]
[Result "0-1"]
[WhiteCountry "POL"]
[BlackCountry "AUT"]
[WhiteElo "1596"]
[WhiteRD "45"]
[BlackElo "2056"]
[BlackRD "90"]
[GameID "416151"]

1. d4 Nf6 2. Nf3 g6 3. e3 Bg7 4. Bc4 d5 5. Bb5+ c6 6. Ba4 O-O 7. O-O Nbd7 8. Nbd2 Re8 9. Ne5 Nxe5 10. dxe5 Ng4
11. f4 Nxe3 12. Qe2 Nxf1 13. Qxf1 Qa5 14. Bb3 Bf5 15. Nf3 Qc5+ 16. Qf2 Qxf2+ 17. Kxf2 e6 18. h3 Bf8 19. Be3 c5 20. c3 b5
21. a3 a5 22. Nh4 Be4 23. Nf3 b4 24. axb4 axb4 25. Rxa8 Rxa8 26. Ng5 bxc3 27. bxc3 Bd3 28. g4 Ra3 29. Bd1 Rxc3 30. Bd2 Ra3
31. Ke3 Bc2+ 32. Ke2 Bxd1+ 33. Kxd1 h6
0-1

[Event "only under 2300 points (Version A)"]
[Site "SchemingMind.com"]
[Date "2017.07.15"]
[Round "-"]
[White "Mirta Crevani"]
[Black "fanfan_la_Tulipe"]
[Result "1/2-1/2"]
[WhiteCountry "ARG"]
[BlackCountry "AUT"]
[WhiteElo "2077"]
[WhiteRD "84"]
[BlackElo "2036"]
[BlackRD "92"]
[GameID "416320"]

1. c4 e5 2. Nc3 Nf6 3. g3 d5 4. cxd5 Nxd5 5. Bg2 Nb6 6. Nf3 Nc6 7. O-O Be7 8. d3 O-O 9. a3 Re8 10. b4 Bf8
11. Bb2 Bg4 12. Ne4 Nd4 13. Nxd4 exd4 14. Rc1 c6 15. Re1 h5 16. Qb3 Be6 17. Qc2 h4 18. Nc5 hxg3 19. hxg3 Rb8 20. Nxe6 Rxe6
21. e4 dxe3 22. Rxe3 Rxe3 23. fxe3 Qg5 24. Qf2 Bd6 25. Rf1 Rf8 26. Kh2 Qh4+ 27. Bh3 Qg5 28. Bd4 c5 29. bxc5 Bxc5 30. Qb2 Bd6
31. Qg2 Re8 32. Rf5 Qg6 33. e4 Rd8 34. Bb2 Na4 35. Bc1 Bb8 36. Qf3 Nc3 37. Rg5 Qd6 38. Bf4 Qxa3 39. Bxb8 Qb2+ 40. Bg2 Rxb8
41. Qf6 g6 42. Rxg6+ fxg6 43. Qxg6+ Kh8 44. Qf6+ Kg8=
1/2-1/2

[Event "only under 2300 points (Version A)"]
[Site "SchemingMind.com"]
[Date "2017.07.16"]
[Round "-"]
[White "fanfan_la_Tulipe"]
[Black "Mirta Crevani"]
[Result "1/2-1/2"]
[WhiteCountry "AUT"]
[BlackCountry "ARG"]
[WhiteElo "2048"]
[WhiteRD "91"]
[BlackElo "2108"]
[BlackRD "72"]
[GameID "416321"]

1. Nf3 Nf6 2. c4 e6 3. g3 b6 4. Bg2 Bb7 5. O-O c5 6. Nc3 Be7 7. Re1 d5 8. cxd5 Nxd5 9. e4 Nb4 10. d4 cxd4
11. Nxd4 N8c6 12. Nxc6 Qxd1 13. Rxd1 Bxc6 14. Bf4 g5 15. Bd6 Bxd6 16. Rxd6 Ke7 17. Rd2 Rad8 18. Rad1 Rxd2 19. Rxd2 Rd8 20. Rxd8 Kxd8
21. Bf1 Kc7 22. a3 Nc2 23. Bd3 Nd4 24. Kg2 f5 25. f3 h6 26. Kf2 fxe4 27. Bxe4 e5=
1/2-1/2

[Event "only under 2300 points (Version A)"]
[Site "SchemingMind.com"]
[Date "2017.07.17"]
[Round "-"]
[White "Mirta Crevani"]
[Black "Wojtek26"]
[Result "1-0"]
[WhiteCountry "ARG"]
[BlackCountry "POL"]
[WhiteElo "2108"]
[WhiteRD "72"]
[BlackElo "1558"]
[BlackRD "47"]
[GameID "416322"]

1. c4 e5 2. Nc3 Nf6 3. g3 Bb4 4. Bg2 d6 5. Qa4+ Nc6 6. Bxc6+ bxc6 7. Qxb4 O-O 8. d3 Bg4 9. f3 Bh5 10. e4 Rb8
11. Qa4 c5 12. Kf2 Nd7 13. Kg2 Rb7 14. g4 Bg6 15. Nge2 Nf6 16. Rb1 Qd7 17. Qxd7 Nxd7 18. Be3 f6 19. h4 h5 20. Nd5 Nb6
21. Ne7+ Kf7 22. Nxg6 Kxg6 23. gxh5+ Kxh5 24. Ng3+ Kg6 25. h5+ Kh7 26. b3 a5 27. Nf5 Nc8 28. Bd2 Ra7 29. Kf2 Ra6 30. Rbg1 Rf7
31. Rg6 Ne7 32. Nxe7 Rxe7 33. Rhg1 a4 34. h6 gxh6 35. Rxh6#
1-0

[Event "only under 2300 points (Version A)"]
[Site "SchemingMind.com"]
[Date "2017.07.17"]
[Round "-"]
[White "Wojtek26"]
[Black "Mirta Crevani"]
[Result "0-1"]
[WhiteCountry "POL"]
[BlackCountry "ARG"]
[WhiteElo "1558"]
[WhiteRD "47"]
[BlackElo "2108"]
[BlackRD "72"]
[GameID "416323"]

1. e4 c6 2. Nf3 d5 3. exd5 cxd5 4. d4 Nf6 5. Bd3 Nc6 6. Nc3 Bg4 7. h3 Bxf3 8. Qxf3 Nxd4 9. Qd1 Nc6 10. O-O e6
11. Bg5 Be7 12. Re1 O-O 13. Nb5 a6 14. Nc3 Nb4 15. a3 Nxd3 16. Qxd3 Rc8 17. Rad1 b5 18. Qd4 Rc4 19. Qd2 Qb6 20. b3 Rc7
21. a4 Rfc8 22. Be3 Qb7 23. Rc1 Bb4 24. Qe2 Bxc3 25. Red1 Bb2 26. Rb1 Rxc2 27. Qf3 Ne4 28. axb5 Nc3 29. Qg3 Nxd1 30. Rxd1 axb5
31. Rd2 Rxd2 32. Bxd2 Qc7 33. Qg4 Qc2 34. Bf4 Qxb3
0-1

[Event "only under 2300 points (Version A)"]
[Site "SchemingMind.com"]
[Date "2017.07.17"]
[Round "-"]
[White "Mirta Crevani"]
[Black "ray winteringham"]
[Result "1-0"]
[WhiteCountry "ARG"]
[BlackCountry "ENG"]
[WhiteElo "2131"]
[WhiteRD "74"]
[BlackElo "1468"]
[BlackRD "51"]
[GameID "416354"]

1. c4 g6 2. Nc3 Bg7 3. g3 e5 4. Bg2 d6 5. Nf3 Ne7 6. d4 O-O 7. O-O exd4 8. Nxd4 c6 9. Bg5 c5 10. Ndb5 Qb6
11. Bxe7 Bxc3 12. bxc3 Re8 13. Qxd6 Qxd6 14. Bxd6 Rd8 15. Nc7 Rxd6 16. Nxa8 Na6 17. Rad1 Re6 18. Rd8+ Kg7 19. Rxc8 Rxe2 20. Bxb7 Rxa2
21. Bxa6 Rxa6 22. Rxc5
1-0

[Event "only under 2300 points (Version A)"]
[Site "SchemingMind.com"]
[Date "2017.07.16"]
[Round "-"]
[White "ray winteringham"]
[Black "Mirta Crevani"]
[Result "1/2-1/2"]
[WhiteCountry "ENG"]
[BlackCountry "ARG"]
[WhiteElo "1468"]
[WhiteRD "51"]
[BlackElo "2131"]
[BlackRD "74"]
[GameID "416355"]

1. e4 e6 2. d4 d5 3. e5 c5 4. c3 Nc6 5. Nf3 Bd7 6. Be3 Qb6 7. b3 cxd4 8. cxd4 Bb4+ 9. Nbd2 Nge7 10. Bd3 Bxd2+
11. Bxd2 Nxd4 12. O-O Nxf3+ 13. Qxf3 Bb5 14. Bg5 Ng6 15. Bxg6 hxg6 16. Rfd1 Rc8 17. Be3 Qd8 18. Bxa7 Qh4 19. h3 O-O=
1/2-1/2

[Event "only under 2300 points (Version A)"]
[Site "SchemingMind.com"]
[Date "2017.07.16"]
[Round "-"]
[White "ray winteringham"]
[Black "fanfan_la_Tulipe"]
[Result "0-1"]
[WhiteCountry "ENG"]
[BlackCountry "AUT"]
[WhiteElo "1468"]
[WhiteRD "51"]
[BlackElo "2056"]
[BlackRD "90"]
[GameID "416356"]

1. e4 e5 2. Nf3 Nc6 3. Bc4 Nf6 4. d3 h6 5. Be3 Be7 6. Qe2 O-O 7. O-O d5 8. exd5 Nxd5 9. Bxd5 Qxd5 10. Nc3 Qd8
11. Ne4 Bg4 12. h3 Bh5 13. Ng3 Bg6 14. a3 f5 15. Nh1 Bf6 16. c3 Re8 17. Rfd1 Qe7 18. b4 a6 19. a4 e4 20. Ne1 Bxc3
21. dxe4 Bxa1 22. Rxa1 Qxe4 23. Qd2 Rad8 24. Qb2 Qxb4 25. Qc2 Kh7 26. Rb1 Qa5 27. Rxb7 Qxe1+ 28. Kh2 Rd1 29. Qxc6 Qxh1+ 30. Kg3 Rxe3+
31. fxe3 f4+ 32. Kxf4 Qh2+ 33. Kg4 h5+ 34. Kh4 Rd4+ 35. e4 Qf4+ 36. g4 Bf7 37. Qc5 g5+ 38. Qxg5 Qf2#
0-1

[Event "only under 2300 points (Version A)"]
[Site "SchemingMind.com"]
[Date "2017.07.16"]
[Round "-"]
[White "fanfan_la_Tulipe"]
[Black "ray winteringham"]
[Result "1-0"]
[WhiteCountry "AUT"]
[BlackCountry "ENG"]
[WhiteElo "2056"]
[WhiteRD "90"]
[BlackElo "1468"]
[BlackRD "51"]
[GameID "416357"]

1. Nf3 c5 2. c4 g6 3. g3 Bg7 4. Bg2 d6 5. O-O e5 6. Nc3 Be6 7. b3 f5 8. Bb2 Nf6 9. e3 Nc6 10. d4 cxd4
11. exd4 e4 12. Ng5 Bd7 13. f3 Qb6 14. Na4 Qc7 15. fxe4 Ne7 16. Nc3 O-O 17. Nd5 Nexd5 18. exd5 Rae8 19. Re1 Bh6 20. Ne6 Bxe6
21. dxe6 Re7 22. d5 Rfe8 23. Bxf6 Qb6+ 24. Qd4 Qxd4+ 25. Bxd4 b6 26. Bf6 Rb7 27. Re2 Rbb8 28. Rae1 Bg7 29. Bxg7 Kxg7 30. h4 h5
31. Kf2 Re7 32. Kf3 Kf6 33. Kf4 Rc8 34. a4 a5 35. Rb2 Rcc7 36. Bf1 Rc5 37. b4 Rcc7 38. bxa5 bxa5 39. Rb6 Rc5 40. Rxd6 Rec7
41. e7+
1-0

[Event "only under 2300 points (Version A)"]
[Site "SchemingMind.com"]
[Date "2017.07.16"]
[Round "-"]
[White "ray winteringham"]
[Black "Wojtek26"]
[Result "1-0"]
[WhiteCountry "ENG"]
[BlackCountry "POL"]
[WhiteElo "1468"]
[WhiteRD "51"]
[BlackElo "1596"]
[BlackRD "45"]
[GameID "416358"]

1. e4 e5 2. Nf3 Nc6 3. Bc4 Nf6 4. d3 Bc5 5. h3 O-O 6. O-O d6 7. Be3 Bxe3 8. fxe3 Be6 9. Nbd2 Na5 10. Bxe6 fxe6
11. c3 c5 12. c4 Qb6 13. b3 Nc6 14. Rb1 a5 15. Ng5 Nd8 16. Rf2 h6 17. Ngf3 Nc6 18. a3 Rf7 19. Qe2 Raf8 20. Kh1 Qd8
21. Rbf1 g5 22. Qe1 Nh5 23. Kh2 Ne7 24. Qd1 Ng6 25. Kg1 Nf6 26. Nh2 d5 27. Ng4 Nxg4 28. Rxf7 Rxf7 29. Rxf7 Kxf7 30. Qxg4 Qf6
31. Nf3 Qh8 32. Qh5 Kg7 33. Qg4 Qe8= 34. Qg3 Qb8 35. exd5 exd5 36. cxd5 Qd6 37. e4 b5 38. Qe1 b4 39. a4 Nf4 40. Qd2 Kf6
41. g3 Nxh3+ 42. Kg2 Qd7 43. Qc2 g4 44. Nh4 Ng5 45. Qxc5 Qd8 46. Qc6+ Kf7 47. Qg6+ Ke7 48. Nf5+ Kd7 49. Qc6#
1-0

[Event "only under 2300 points (Version A)"]
[Site "SchemingMind.com"]
[Date "2017.07.17"]
[Round "-"]
[White "Wojtek26"]
[Black "ray winteringham"]
[Result "1-0"]
[WhiteCountry "POL"]
[BlackCountry "ENG"]
[WhiteElo "1596"]
[WhiteRD "45"]
[BlackElo "1468"]
[BlackRD "51"]
[GameID "416359"]

1. e4 c5 2. Nf3 Nc6 3. Bb5 Qb6 4. Bxc6 Qxc6 5. d3 e6 6. Bf4 d6 7. O-O Be7 8. Nc3 e5 9. Be3 Bg4 10. h3 Bh5
11. Nd5 f6 12. g4 Bg6 13. Nh4 Bf7 14. c4 O-O-O 15. Nf5 g6 16. Nfxe7+ Nxe7 17. Nxe7+ Kd7 18. Nxc6 Kxc6 19. Qa4+ Kc7 20. Qxa7 Ra8
21. Qxa8 Rxa8 22. a4 b6 23. Bd2 g5 24. b4 Kc6 25. b5+ Kb7 26. Ra3 h5 27. Rfa1 h4 28. a5
1-0

[Event "only under 2300 points (Version A)"]
[Site "SchemingMind.com"]
[Date "2017.07.19"]
[Round "-"]
[White "Mirta Crevani"]
[Black "Black Knight"]
[Result "1-0"]
[WhiteCountry "ARG"]
[BlackCountry "USA"]
[WhiteElo "2108"]
[WhiteRD "72"]
[BlackElo "1378"]
[BlackRD "57"]
[GameID "416503"]

1. c4 e5 2. Nc3 Nc6 3. g3 Nf6 4. Bg2 Bc5 5. e3 a6 6. Nge2 Rb8 7. d4 Bb4 8. O-O O-O 9. a3 Bxc3 10. Nxc3 exd4
11. exd4 d6 12. Bg5 Re8 13. Nd5 Be6 14. Nxf6+ gxf6 15. Bh6 Kh8 16. d5 Rg8 17. dxe6 fxe6 18. b4 Rg6 19. Be3 f5 20. b5 axb5
21. cxb5 Ne5 22. Qc2 Qf8 23. Qxc7 Rg7 24. Qc3 Rc8 25. Qb3 Qf7 26. Rac1 Rcg8 27. f4 Ng4 28. Bd4 e5 29. Qxf7 Rxf7 30. Bd5
1-0

[Event "only under 2300 points (Version A)"]
[Site "SchemingMind.com"]
[Date "2017.07.19"]
[Round "-"]
[White "Black Knight"]
[Black "Mirta Crevani"]
[Result "0-1"]
[WhiteCountry "USA"]
[BlackCountry "ARG"]
[WhiteElo "1318"]
[WhiteRD "56"]
[BlackElo "2131"]
[BlackRD "74"]
[GameID "416504"]

1. e4 e6 2. d4 d5 3. e5 c5 4. Nf3 cxd4 5. Nxd4 Nc6 6. Nxc6 bxc6 7. Nc3 Ne7 8. Bd3 Ng6 9. Bxg6 hxg6 10. O-O Ba6
11. Re1 Qh4 12. h3 Bc5 13. Be3 d4 14. Na4 dxe3 15. fxe3 Be7 16. Qf3 Qxa4 17. b3 Qb5 18. c4 Qb7 19. e4 O-O 20. Kh2 c5
21. Rad1 Rad8 22. Qe2 Qc6 23. Qc2 Bb7 24. a3 Rxd1 25. Rxd1 Rd8
0-1

[Event "only under 2300 points (Version A)"]
[Site "SchemingMind.com"]
[Date "2017.07.19"]
[Round "-"]
[White "Black Knight"]
[Black "ray winteringham"]
[Result "1-0"]
[WhiteCountry "USA"]
[BlackCountry "ENG"]
[WhiteElo "1342"]
[WhiteRD "58"]
[BlackElo "1456"]
[BlackRD "51"]
[GameID "416505"]

1. e4 e5 2. Nf3 Nc6 3. Bb5 d6 4. O-O Bd7 5. Bxc6 Bxc6 6. Nc3 Be7 7. d3 Nf6 8. Re1 Qd7 9. Bg5 h6 10. Bxf6 Bxf6
11. Nd5 Bxd5 12. exd5 Qb5 13. c4 Qxb2 14. Re2 Qb6 15. Rb1 Qa6 16. Reb2 b6 17. c5 dxc5 18. Nd2 Qxd3 19. Rb3 Qxd5 20. Nf3 Qe6
21. a4 O-O 22. a5 Rfd8 23. Qe1 Rd6 24. a6 Qc8 25. Nxe5 Re6 26. Re3 Qxa6 27. Nd7 Rxe3 28. Nxf6+ gxf6 29. Qxe3 Qa2 30. Rf1 Qe6
31. Qf3 Rb8 32. Qg3+ Kf8 33. Qxc7 Rc8 34. Qxa7 c4 35. Qa3+ Kg7 36. Qg3+ Kh8 37. f3 c3 38. Re1 Qd6 39. Qxd6
1-0

[Event "only under 2300 points (Version A)"]
[Site "SchemingMind.com"]
[Date "2017.07.19"]
[Round "-"]
[White "ray winteringham"]
[Black "Black Knight"]
[Result "1-0"]
[WhiteCountry "ENG"]
[BlackCountry "USA"]
[WhiteElo "1456"]
[WhiteRD "51"]
[BlackElo "1342"]
[BlackRD "58"]
[GameID "416506"]

1. e4 e5 2. Nf3 Nc6 3. Nc3 Nf6 4. Bc4 Bb4 5. Bxf7+ Kxf7 6. Ng5+ Kf8 7. Qf3 h6 8. Nh3 d6 9. Nd5 Bxh3 10. gxh3 Ne7
11. Nxf6 gxf6 12. c3 Ba5 13. Qxf6+
1-0

[Event "only under 2300 points (Version A)"]
[Site "SchemingMind.com"]
[Date "2017.07.19"]
[Round "-"]
[White "Black Knight"]
[Black "fanfan_la_Tulipe"]
[Result "0-1"]
[WhiteCountry "USA"]
[BlackCountry "AUT"]
[WhiteElo "1318"]
[WhiteRD "56"]
[BlackElo "2056"]
[BlackRD "90"]
[GameID "416507"]

1. e4 e5 2. Nf3 Nc6 3. Bc4 Nf6 4. Nc3 Nxe4 5. Nxe4 d5 6. Bxd5 Qxd5 7. d3 Bg4 8. h3 Bh5 9. c4 Bb4+ 10. Bd2 Qxd3
11. Ng3 Bxf3 12. gxf3 Bxd2+ 13. Qxd2 Qxf3 14. Rf1 Rd8 15. Qe2 Qxe2+ 16. Kxe2 Nd4+ 17. Ke3 Nc2+
0-1

[Event "only under 2300 points (Version A)"]
[Site "SchemingMind.com"]
[Date "2017.07.19"]
[Round "-"]
[White "fanfan_la_Tulipe"]
[Black "Black Knight"]
[Result "1-0"]
[WhiteCountry "AUT"]
[BlackCountry "USA"]
[WhiteElo "2056"]
[WhiteRD "90"]
[BlackElo "1318"]
[BlackRD "56"]
[GameID "416508"]

1. Nf3 Nc6 2. d4 d5 3. c4 Nf6 4. cxd5 Nxd5 5. e4 Nf6 6. Nc3 Bg4 7. d5 Bxf3 8. Qxf3 Nd4 9. Qd1 e5 10. dxe6 Nxe6
11. Be3 Bb4 12. Qa4+ Qd7 13. Qxb4 b6 14. Rd1 c5 15. Qb3 O-O 16. Rxd7
1-0

[Event "only under 2300 points (Version A)"]
[Site "SchemingMind.com"]
[Date "2017.07.19"]
[Round "-"]
[White "Black Knight"]
[Black "Wojtek26"]
[Result "0-1"]
[WhiteCountry "USA"]
[BlackCountry "POL"]
[WhiteElo "1318"]
[WhiteRD "56"]
[BlackElo "1596"]
[BlackRD "45"]
[GameID "416509"]

1. e4 e5 2. Nf3 Nc6 3. Bc4 Nf6 4. Nc3 Bb4 5. a3 Ba5 6. b4 Bb6 7. b5 Nd4 8. Nxd4 exd4 9. Nd5 Nxd5 10. Bxd5 O-O
11. Bb3 c6 12. a4 d6 13. bxc6 bxc6 14. Bb2 Bb7 15. O-O c5 16. Re1 Re8 17. Qf3 Qe7 18. d3 Bd5 19. Bxd5 Rab8 20. a5 Bc7
21. c3 Rxb2 22. Rab1 Reb8 23. g3 Rxb1 24. Kf1 Rxe1+ 25. Kxe1 Bxa5 26. Kf1 Bxc3 27. Kg2 a5 28. Bc6 Rb2 29. Bd5 Be1 30. Qh5 Bxf2
31. Kh3 Qd7+ 32. g4 Bg1 33. Qf5 Rxh2+ 34. Kg3 Qxf5 35. exf5 a4 36. g5 a3 37. Kf3 a2 38. Bxa2 Rxa2 39. Kf4 c4 40. dxc4 d3
0-1

[Event "only under 2300 points (Version A)"]
[Site "SchemingMind.com"]
[Date "2017.07.19"]
[Round "-"]
[White "Wojtek26"]
[Black "Black Knight"]
[Result "1-0"]
[WhiteCountry "POL"]
[BlackCountry "USA"]
[WhiteElo "1596"]
[WhiteRD "45"]
[BlackElo "1318"]
[BlackRD "56"]
[GameID "416510"]

1. e4 e5 2. Nf3 Nc6 3. Bc4 Nf6 4. Nc3 Bc5 5. O-O O-O 6. d3 Nd4 7. Nxd4 exd4 8. Ne2 a6 9. Bg5 h6 10. Bh4 b5
11. Bb3 Be7 12. Nxd4 c5 13. Nf5 d6 14. Qf3 Bxf5 15. Qxf5 d5 16. exd5 Qd6 17. c4 b4 18. Bc2 g5 19. Bxg5 Nxd5 20. d4 hxg5
21. Qh7#
1-0

[Event "only under 2300 points (Version A)"]
[Site "SchemingMind.com"]
[Date "2017.07.22"]
[Round "-"]
[White "The Stonewall"]
[Black "Mirta Crevani"]
[Result "1-0"]
[WhiteCountry "ENG"]
[BlackCountry "ARG"]
[WhiteElo "2331"]
[WhiteRD "88"]
[BlackElo "2080"]
[BlackRD "73"]
[GameID "416511"]

1. d4 Nf6 2. Bg5 Ne4 3. Bf4 c5 4. f3 Qa5+ 5. c3 Nf6 6. d5 d6 7. e4 g6 8. Nd2 Bg7 9. Nc4 Qd8 10. a4 O-O
11. Qd2 Nbd7 12. Nh3 Nb6 13. Nf2 Nxc4 14. Bxc4 Nd7 15. a5 Ne5 16. Be2 f5 17. O-O fxe4 18. Nxe4 Bf5 19. Ng3 Bd7 20. Be3 b5
21. axb6 axb6 22. Bh6 b5 23. Bxg7 Kxg7 24. Qe3 Re8 25. f4 Ng4 26. Bxg4 Bxg4 27. h3 Bd7 28. f5 Rxa1 29. Rxa1 Rf8 30. Ra7 gxf5
31. Nh5+ Kh8 32. Ra8 Qxa8 33. Qxe7
1-0

[Event "only under 2300 points (Version A)"]
[Site "SchemingMind.com"]
[Date "2017.07.19"]
[Round "-"]
[White "Mirta Crevani"]
[Black "The Stonewall"]
[Result "0-1"]
[WhiteCountry "ARG"]
[BlackCountry "ENG"]
[WhiteElo "2080"]
[WhiteRD "73"]
[BlackElo "2331"]
[BlackRD "88"]
[GameID "416512"]

1. c4 Nc6 2. d4 e5 3. d5 Bb4+ 4. Bd2 Bxd2+ 5. Qxd2 Nce7 6. Nc3 d6 7. e4 f5 8. exf5 Bxf5 9. Bd3 Nf6 10. Bxf5 Nxf5
11. Nf3 h6 12. c5 O-O 13. O-O-O Qe8 14. h3 dxc5 15. Rde1 e4 16. g4 Nd6 17. Nh4 b5 18. Nf5 b4 19. Nd1 Nxf5 20. gxf5 Qf7
21. Ne3 Rad8 22. Ng4 Qxd5 23. Nxf6+ Rxf6 24. Qxd5+ Rxd5 25. Rxe4 Rdxf5 26. Rc4 Rd6 27. Rc2 Rd3 28. b3 Rdf3 29. Rh2 Kf7 30. Kd1 g5
31. Ke2 Ke6 32. Rc4 R3f4 33. Rc2 Kd5 34. Rd2+ Rd4 35. Rc2 c4
0-1

[Event "only under 2300 points (Version A)"]
[Site "SchemingMind.com"]
[Date "2017.07.22"]
[Round "-"]
[White "The Stonewall"]
[Black "Black Knight"]
[Result "1-0"]
[WhiteCountry "ENG"]
[BlackCountry "USA"]
[WhiteElo "2258"]
[WhiteRD "86"]
[BlackElo "1342"]
[BlackRD "58"]
[GameID "416513"]

1. e4 e5 2. Nf3 Nc6 3. Nc3 Nf6 4. g3 Bc5 5. Bg2 O-O 6. O-O Re8 7. d3 Nd4 8. Na4 d6 9. Nxc5 dxc5 10. h3 Nxf3+
11. Qxf3 c4 12. dxc4 Be6 13. b3 Qd7 14. Rd1 Qe7 15. Qe3 c5 16. Bb2 Nd7 17. Rd3 Nf6 18. Rad1 Nd7 19. Qd2 Rad8 20. Bxe5 f6
21. Bd6 Qf7 22. f4 Nb6 23. Bxc5 Rd7 24. Rxd7 Nxd7 25. f5 Nxc5 26. fxe6 Nxe6 27. e5 Kh8 28. exf6 Qxf6 29. Bxb7 Rd8 30. Qe2 Qe7
31. Rxd8+ Qxd8 32. Qxe6 Qd4+ 33. Kh2 Qf2+ 34. Bg2 h6 35. Qe4
1-0

[Event "only under 2300 points (Version A)"]
[Site "SchemingMind.com"]
[Date "2017.07.22"]
[Round "-"]
[White "Black Knight"]
[Black "The Stonewall"]
[Result "0-1"]
[WhiteCountry "USA"]
[BlackCountry "ENG"]
[WhiteElo "1342"]
[WhiteRD "58"]
[BlackElo "2258"]
[BlackRD "86"]
[GameID "416514"]

1. e4 c5 2. Nf3 e6 3. d4 cxd4 4. Nxd4 Nf6 5. Nc3 Nc6 6. Nxc6 bxc6 7. Bc4 d5 8. exd5 cxd5 9. Bb5+ Bd7 10. O-O Bb4
11. Bxd7+ Qxd7 12. Bd2 O-O 13. Re1 Rab8 14. Rb1 Qc7 15. a3 Bd6 16. Bg5 Bxh2+ 17. Kh1 Be5 18. Bxf6 Bxf6 19. Ne2 Bxb2 20. c3 Bxa3
21. Rxb8 Rxb8 22. Qa4 Bc5 23. Nd4 Qf4 24. Qc6 Qxf2 25. Rg1 Qh4#
0-1

[Event "only under 2300 points (Version A)"]
[Site "SchemingMind.com"]
[Date "2017.07.22"]
[Round "-"]
[White "The Stonewall"]
[Black "ray winteringham"]
[Result "1-0"]
[WhiteCountry "ENG"]
[BlackCountry "ENG"]
[WhiteElo "2258"]
[WhiteRD "86"]
[BlackElo "1456"]
[BlackRD "51"]
[GameID "416515"]

1. d4 d5 2. c4 e6 3. Nf3 Nc6 4. Nc3 Bb4 5. e3 Nf6 6. Qc2 Ne4 7. Bd3 Nxc3 8. bxc3 Ba5 9. O-O Qe7 10. cxd5 exd5
11. e4 Be6 12. exd5 Bxd5 13. Re1 Be6 14. d5 Nb4 15. cxb4 Bxb4 16. Re4 Bxd5 17. Rxe7+ Kxe7 18. Qxc7+ Kf8 19. Bf4 g6 20. Bd6+
1-0

[Event "only under 2300 points (Version A)"]
[Site "SchemingMind.com"]
[Date "2017.07.22"]
[Round "-"]
[White "ray winteringham"]
[Black "The Stonewall"]
[Result "0-1"]
[WhiteCountry "ENG"]
[BlackCountry "ENG"]
[WhiteElo "1456"]
[WhiteRD "51"]
[BlackElo "2258"]
[BlackRD "86"]
[GameID "416516"]

1. e4 e6 2. d4 d5 3. e5 c5 4. c3 Nc6 5. Be3 Qb6 6. b3 cxd4 7. cxd4 Bb4+ 8. Bd2 Qxd4 9. Bxb4 Qxe5+ 10. Be2 Nxb4
11. Nd2 Qxa1 12. Bb5+ Bd7 13. Bxd7+ Kxd7 14. Ne2 Nc2+
0-1

[Event "only under 2300 points (Version A)"]
[Site "SchemingMind.com"]
[Date "2017.07.22"]
[Round "-"]
[White "The Stonewall"]
[Black "fanfan_la_Tulipe"]
[Result "1-0"]
[WhiteCountry "ENG"]
[BlackCountry "AUT"]
[WhiteElo "2349"]
[WhiteRD "90"]
[BlackElo "2022"]
[BlackRD "91"]
[GameID "416517"]

1. d4 Nf6 2. Bg5 Ne4 3. Bf4 c5 4. d5 Qb6 5. Nd2 Qxb2 6. Nxe4 Qb4+ 7. c3 Qxe4 8. e3 e5 9. Bg3 d6 10. Nf3 Be7
11. Bd3 Qg4 12. h3 Qh5 13. Rb1 O-O 14. O-O f5 15. Be2 Qe8 16. Qb3 Kh8 17. a4 g5 18. a5 f4 19. Bh2 Qg6 20. Nd2 h5
21. Bd1 fxe3 22. fxe3 Rxf1+ 23. Nxf1 Nd7 24. Bc2 Qf7 25. c4 Nf6 26. Ng3 Rb8 27. Rf1 Bd7 28. Ne4 Qg7 29. Nxc5 g4 30. hxg4 Bxg4
31. Ne6 Qg8 32. c5
1-0

[Event "only under 2300 points (Version A)"]
[Site "SchemingMind.com"]
[Date "2017.07.22"]
[Round "-"]
[White "fanfan_la_Tulipe"]
[Black "The Stonewall"]
[Result "0-1"]
[WhiteCountry "AUT"]
[BlackCountry "ENG"]
[WhiteElo "2022"]
[WhiteRD "91"]
[BlackElo "2349"]
[BlackRD "90"]
[GameID "416518"]

1. Nf3 g6 2. c4 Bg7 3. g3 d6 4. d4 Nf6 5. Bg2 O-O 6. O-O c6 7. Nc3 Qa5 8. h3 e5 9. e4 Nbd7 10. Be3 Nb6
11. Nd2 exd4 12. Bxd4 Be6 13. Qe2 Rad8 14. Rfd1 c5 15. Be3 Qb4 16. Bf1 Qxb2 17. Nb5 Bxc4 18. Nxc4 Qxb5 19. Nxd6 Qxe2 20. Bxe2 Rxd6
21. Rxd6 Nxe4 22. Rad1 Nxd6 23. Rxd6 Be5 24. Rd1 Rc8 25. f4 Bf6 26. Rc1 Na4 27. Bf3 b6 28. Bb7 Rd8 29. Bc6 Nc3 30. Rc2 Rd3
31. Bf2 Rd1+ 32. Kg2 Ra1
0-1

[Event "only under 2300 points (Version A)"]
[Site "SchemingMind.com"]
[Date "2017.07.23"]
[Round "-"]
[White "The Stonewall"]
[Black "Wojtek26"]
[Result "1-0"]
[WhiteCountry "ENG"]
[BlackCountry "POL"]
[WhiteElo "2315"]
[WhiteRD "85"]
[BlackElo "1596"]
[BlackRD "45"]
[GameID "416519"]

1. d4 d5 2. c4 e6 3. Nf3 Bb4+ 4. Bd2 Bxd2+ 5. Nbxd2 Nf6 6. g3 O-O 7. Bg2 Nbd7 8. O-O c5 9. cxd5 Nxd5 10. e4 N5f6
11. e5 Ne8 12. dxc5 Nxc5 13. Qc2 Na6 14. Rfd1 Qc7 15. Qe4 Nc5 16. Qe3 f6 17. Rac1 Qb6 18. Rxc5 Qxb2 19. Nc4 Qxa2 20. Na3 Qb2
21. Rb5 Qa2 22. Rd2 Qa1+ 23. Rb1 Qxb1+ 24. Nxb1 b6 25. Nd4 Rb8 26. Nc6 Bb7 27. Nxb8
1-0

[Event "only under 2300 points (Version A)"]
[Site "SchemingMind.com"]
[Date "2017.07.20"]
[Round "-"]
[White "Wojtek26"]
[Black "The Stonewall"]
[Result "0-1"]
[WhiteCountry "POL"]
[BlackCountry "ENG"]
[WhiteElo "1596"]
[WhiteRD "45"]
[BlackElo "2315"]
[BlackRD "85"]
[GameID "416520"]

1. d4 e6 2. c4 b6 3. e3 Bb7 4. Nf3 f5 5. Be2 Nf6 6. O-O Be7 7. a3 a5 8. Nc3 O-O 9. h3 Ne4 10. Nxe4 fxe4
11. Nd2 d5 12. b3 Nd7 13. f3 exf3 14. Rxf3 Nf6 15. Bb2 Bd6 16. Qf1 dxc4 17. Rxf6 Rxf6 18. Qd1 Bxg2 19. Kxg2 Rf2+ 20. Kxf2 Qh4+
0-1